| 000 | 00479nam a22001697a 4500 | ||
|---|---|---|---|
| 999 |
_c11247 _d11247 |
||
| 003 | AR-CdUCM | ||
| 008 | 190403b ||||| |||| 00| 0 spa d | ||
| 040 |
_aMUNICIPALIDAD PROVINCIAL DEL CUSCO _cBIBLIOTECA MUNICIPAL DEL CUSCO |
||
| 082 |
_a869.20 / _bV29 / 1944 |
||
| 100 |
_aViptzarav, Micolas _928517 |
||
| 245 | _aPoemas / | ||
| 260 |
_aBuenos Aires : _bLautaro, _c1944. |
||
| 300 |
_a93 páginas ; _c20 cm. |
||
| 650 |
_aPoemas. _9929 |
||
| 942 |
_2ddc _cLIBROS |
||
| 945 | _awfj | ||